[Event "Pardubice op rapid 30th"]
[Site "Pardubice"]
[Date "2019.07.17"]
[Round "1"]
[White "Cerveny, Martin"]
[Black "Odler, Daniel"]
[Result "1-0"]
[WhiteElo "2351"]
[BlackElo "2047"]
[PlyCount "86"]
[EventDate "2019.07.17"]
[EventType "swiss (rapid)"]
[EventRounds "9"]
[EventCountry "CZE"]
[SourceTitle "CBM 191 Extra"]
[Source "ChessBase"]
[SourceDate "2019.09.30"]
[SourceVersion "1"]
[SourceVersionDate "2019.09.30"]
[SourceQuality "1"]

1. d4 d5 2. c4 c6 3. Nf3 Nf6 4. e3 Bf5 5. cxd5 cxd5 6. Qb3 Nc6 7. Qxb7 Bd7 8. Qb3 Rb8 9. Qd1 Bf5 10. a3 e6 11. Be2 Bd6 12. 0-0 0-0 13. Nc3 Ne4 14. Qa4 Nxc3 15. bxc3 Na5 16. Nd2 e5 17. c4 dxc4 18. Bxc4 exd4 19. Ba2 Bd3 20. Re1 dxe3 21. Nf3 exf2+ 22. Kxf2 Bc5+ 23. Kg3 Bb5 24. Qc2 Bb6 25. Bf4 Rc8 26. Qb2 Qd3 27. Bb1 Qc4 28. Re5 Nb3 29. Ba2 Ba4 30. Rb1 Bc7 31. Bxb3 Bxb3 32. Qxb3 Qxb3 33. Rxb3 Bxe5 34. Bxe5 Rfe8 35. Rb7 a6 36. h4 f6 37. Bd6 Re6 38. Bb4 Rd8 39. Kf4 Rd5 40. g4 h6 41. h5 Re2 42. Rb8+ Kh7 43. Nh4 Rde5 1-0

[Event "Banska Stiavnica V4 op"]
[Site "Banska Stiavnica"]
[Date "2018.07.10"]
[Round "4"]
[White "Molnar, Erno"]
[Black "Odler, Daniel"]
[Result "1-0"]
[WhiteElo "2231"]
[BlackElo "2067"]
[PlyCount "103"]
[EventDate "2018.07.07"]
[EventType "swiss"]
[EventRounds "9"]
[EventCountry "SVK"]
[SourceTitle "CBM 185 Extra"]
[Source "ChessBase"]
[SourceDate "2018.07.29"]
[SourceVersion "1"]
[SourceVersionDate "2018.07.29"]
[SourceQuality "1"]

1. e4 c5 2. Nf3 Nc6 3. d4 cxd4 4. Nxd4 Nf6 5. Nc3 e6 6. Ndb5 Bb4 7. a3 Bxc3+ 8. Nxc3 d5 9. exd5 exd5 10. Bd3 0-0 11. 0-0 d4 12. Ne2 Bg4 13. Bg5 Re8 14. Re1 Qd6 15. Qd2 Rad8 16. Ng3 Ne5 17. h3 Bd7 18. Bf1 h6 19. Bf4 g5 20. Bxe5 Rxe5 21. c4 Be6 22. Bd3 b6 23. Rxe5 Qxe5 24. Re1 Qc7 25. Qe2 Qf4 26. b3 a5 27. Bb1 Qd6 28. Qd3 Kf8 29. a4 Qb4 30. Rd1 Rd7 31. Ne2 g4 32. h4 Qc5 33. Bc2 Ke7 34. g3 Ke8 35. Nxd4 Qe5 36. Qe2 Qxe2 37. Nxe2 Rxd1+ 38. Bxd1 h5 39. Nf4 Bf5 40. Kf1 Kd7 41. Ke2 Kd6 42. Nd3 Nd7 43. Ke3 Bxd3 44. Kxd3 Ke5 45. f3 Nc5+ 46. Kc3 f5 47. b4 f4 48. gxf4+ Kxf4 49. bxc5 g3 50. cxb6 g2 51. b7 g1Q 52. b8Q+ 1-0

[Event "Banska Stiavnica V4 op"]
[Site "Banska Stiavnica"]
[Date "2018.07.09"]
[Round "3"]
[White "Odler, Daniel"]
[Black "Brnusak, Andrej"]
[Result "1-0"]
[WhiteElo "2067"]
[BlackElo "1866"]
[PlyCount "57"]
[EventDate "2018.07.07"]
[EventType "swiss"]
[EventRounds "9"]
[EventCountry "SVK"]
[SourceTitle "CBM 185 Extra"]
[Source "ChessBase"]
[SourceDate "2018.07.29"]
[SourceVersion "1"]
[SourceVersionDate "2018.07.29"]
[SourceQuality "1"]

1. d4 Nf6 2. Nc3 g6 3. e4 d6 4. f4 Bg7 5. Bc4 0-0 6. e5 dxe5 7. dxe5 Qxd1+ 8. Kxd1 Ng4 9. Ke2 Nc6 10. Nf3 Rd8 11. h3 Nh6 12. g4 a6 13. Be3 b5 14. Bb3 Bb7 15. Rhd1 e6 16. Ng5 Bf8 17. Nce4 Na5 18. Nf6+ Kg7 19. Rxd8 Rxd8 20. Bxe6 Be7 21. Bb3 c5 22. c3 c4 23. Bc2 Nc6 24. Bb6 Rh8 25. Rd1 Bxf6 26. exf6+ Kxf6 27. Rd7 Ba8 28. Be4 Kg7 29. Ne6+ 1-0

[Event "SVK-ch rapid"]
[Site "Velky Cetin"]
[Date "2018.04.28"]
[Round "2"]
[White "Druska, Juraj"]
[Black "Odler, Daniel"]
[Result "1-0"]
[WhiteElo "2451"]
[BlackElo "2093"]
[PlyCount "47"]
[EventDate "2018.04.28"]
[EventType "swiss (rapid)"]
[EventRounds "9"]
[EventCountry "SVK"]
[SourceTitle "CBM 184 Extra"]
[Source "ChessBase"]
[SourceDate "2018.06.28"]
[SourceVersion "1"]
[SourceVersionDate "2018.06.28"]
[SourceQuality "1"]

1. d4 d5 2. Bg5 c6 3. c3 Bf5 4. e3 Nd7 5. Bd3 Bxd3 6. Qxd3 Qb6 7. Qc2 Ngf6 8. Nd2 e6 9. f4 a5 10. Ngf3 Qa6 11. h3 a4 12. a3 Qb5 13. Kf2 Ne4+ 14. Nxe4 dxe4 15. c4 Qb6 16. c5 Qb5 17. Nd2 f5 18. Rhb1 h6 19. Bh4 Rg8 20. b3 g5 21. Bg3 g4 22. bxa4 Qa6 23. Qb3 Ke7 24. Bh4+ 1-0

[Event "Banska Stiavnica V4 op"]
[Site "Banska Stiavnica"]
[Date "2017.07.11"]
[Round "4"]
[White "Odler, Daniel"]
[Black "Urhegyi, Marton"]
[Result "0-1"]
[WhiteElo "2083"]
[BlackElo "2267"]
[PlyCount "120"]
[EventDate "2017.07.08"]
[EventType "swiss"]
[EventRounds "9"]
[EventCountry "SVK"]
[SourceTitle "CBM 179 Extra"]
[Source "ChessBase"]
[SourceDate "2017.08.23"]
[SourceVersion "1"]
[SourceVersionDate "2017.08.23"]
[SourceQuality "1"]

1. d4 e6 2. e4 d5 3. Nc3 Bb4 4. exd5 exd5 5. Bd3 Qf6 6. a3 Bxc3+ 7. bxc3 Ne7 8. Qf3 Qc6 9. Bd2 h5 10. Qg3 Be6 11. Nf3 Nd7 12. a4 0-0-0 13. 0-0 a6 14. Rfe1 f6 15. Nh4 g5 16. Qe3 Nf8 17. Ng6 Nexg6 18. Bxg6 Nxg6 19. Qxe6+ Qxe6 20. Rxe6 Rd6 21. Rxd6 cxd6 22. Rb1 Ne7 23. h4 gxh4 24. f3 Nf5 25. Kf2 Re8 26. Bf4 Kc7 27. a5 Re7 28. Rb6 Rd7 29. Ke2 Kc8 30. Kf1 Rc7 31. Bxd6 Rxc3 32. Bf4 h3 33. Rxf6 hxg2+ 34. Kxg2 Rxc2+ 35. Kf1 Nxd4 36. Be3 Nc6 37. Bb6 h4 38. Rf4 h3 39. Kg1 h2+ 40. Kh1 Ne5 41. Rf5 Re2 42. Bd4 Nc6 43. Bb6 d4 44. Rd5 Re5 45. Rd6 Re2 46. Rd5 Rf2 47. f4 Rxf4 48. Kxh2 Rf7 49. Kg3 Rd7 50. Rxd7 Kxd7 51. Kf4 d3 52. Ke3 Ne5 53. Bd4 Kd6 54. Bc3 Kd5 55. Kd2 Ke4 56. Kd1 Nc4 57. Bb4 Kd4 58. Kc1 Ke3 59. Kd1 d2 60. Ba3 Kd3 0-1

[Event "Banska Stiavnica V4 op"]
[Site "Banska Stiavnica"]
[Date "2017.07.09"]
[Round "2"]
[White "Zpevak, Pavel"]
[Black "Odler, Daniel"]
[Result "1/2-1/2"]
[WhiteElo "2353"]
[BlackElo "2083"]
[PlyCount "134"]
[EventDate "2017.07.08"]
[EventType "swiss"]
[EventRounds "9"]
[EventCountry "SVK"]
[SourceTitle "CBM 179 Extra"]
[Source "ChessBase"]
[SourceDate "2017.08.23"]
[SourceVersion "1"]
[SourceVersionDate "2017.08.23"]
[SourceQuality "1"]

1. d4 d5 2. c4 c6 3. Nf3 Nf6 4. Qc2 dxc4 5. Qxc4 Bf5 6. g3 e6 7. Bg2 Be7 8. 0-0 0-0 9. Nc3 Nbd7 10. e3 Ne4 11. Nd2 Nxd2 12. Bxd2 Bg6 13. Qe2 Rc8 14. Rfd1 a6 15. Rac1 Re8 16. Be1 Qb6 17. h3 h6 18. a3 Bf8 19. b4 Qa7 20. Qb2 Nb6 21. Ne4 Bxe4 22. Bxe4 Nd5 23. Bb1 g6 24. e4 Nf6 25. Bc3 Nd7 26. Ba2 Nb6 27. Bb3 Qb8 28. Qe2 Rcd8 29. Qe3 Nc8 30. Qf3 Bg7 31. d5 exd5 32. exd5 cxd5 33. Bxg7 Kxg7 34. Rxd5 Rxd5 35. Bxd5 Nd6 36. Qc3+ Kh7 37. Qf6 Qd8 38. Qxd8 Rxd8 39. Rc7 Kg7 40. a4 Kf6 41. Bxb7 Nxb7 42. Rxb7 Rd4 43. Kg2 a5 44. Rb6+ Kg7 45. bxa5 Rxa4 46. a6 Ra3 47. h4 h5 48. Rc6 f6 49. f4 Kf7 50. Kf2 Ke7 51. Rb6 Kf7 52. Rd6 Ke7 53. Rc6 Kf7 54. Ke2 Rxg3 55. Kd2 Rf3 56. Kc2 Rxf4 57. Kb3 Rf1 58. Rc2 Rb1+ 59. Rb2 Ra1 60. Ra2 Rb1+ 61. Kc4 Rb8 62. Kd5 g5 63. hxg5 fxg5 64. a7 Ra8 65. Ke5 h4 66. Kf5 Ke7 67. Kxg5 Kd6 1/2-1/2

[Event "Banska Stiavnica V4 op"]
[Site "Banska Stiavnica"]
[Date "2017.07.08"]
[Round "1"]
[White "Odler, Daniel"]
[Black "Karas, Juraj"]
[Result "1-0"]
[WhiteElo "2083"]
[BlackElo "1770"]
[PlyCount "50"]
[EventDate "2017.07.08"]
[EventType "swiss"]
[EventRounds "9"]
[EventCountry "SVK"]
[SourceTitle "CBM 179 Extra"]
[Source "ChessBase"]
[SourceDate "2017.08.23"]
[SourceVersion "1"]
[SourceVersionDate "2017.08.23"]
[SourceQuality "1"]

1. e4 e6 2. d4 d5 3. Nc3 Bb4 4. a3 Bxc3+ 5. bxc3 c5 6. Qg4 Kf8 7. Bg5 Qa5 8. Bd2 Qa4 9. exd5 Nf6 10. Qg3 Nxd5 11. Qd6+ Ke8 12. Qxc5 Nd7 13. Bb5 Qxc2 14. Ne2 a6 15. Bxd7+ Bxd7 16. Rc1 Qe4 17. c4 Rc8 18. Qd6 Ne7 19. f3 Qh4+ 20. g3 Qf6 21. 0-0 Bc6 22. Bb4 Rd8 23. Qc5 h5 24. Rce1 Rc8 25. Nf4 Bd5 1-0

[Event "Banska Stiavnica V4 op"]
[Site "Banska Stiavnica"]
[Date "2016.07.05"]
[Round "4"]
[White "Trangos, Miroslav"]
[Black "Odler, Daniel"]
[Result "0-1"]
[WhiteElo "1925"]
[BlackElo "2090"]
[PlyCount "61"]
[EventDate "2016.07.02"]
[EventType "swiss"]
[EventRounds "9"]
[EventCountry "SVK"]
[SourceTitle "CBM 173 Extra"]
[Source "ChessBase"]
[SourceDate "2016.08.29"]
[SourceVersion "1"]
[SourceVersionDate "2016.08.29"]
[SourceQuality "1"]

1. d4 d5 2. c4 c6 3. Nc3 Nf6 4. Nf3 dxc4 5. a4 Bf5 6. e3 e6 7. Bxc4 Nbd7 8. 0-0 Bg6 9. Re1 Bb4 10. Qb3 a5 11. Bd2 0-0 12. Nb1 c5 13. Bc3 Rc8 14. Nbd2 Ne4 15. Nxe4 Bxe4 16. Nd2 Bc6 17. Bxb4 cxb4 18. e4 Nb6 19. Qd3 Nxa4 20. b3 Nb2 21. Qe2 Nxc4 22. Nxc4 Bb5 23. Qd3 a4 24. Rxa4 Bxa4 25. bxa4 Qc7 26. Ne5 Qc3 27. Qxc3 Rxc3 28. f4 Rd8 29. Nf3 Rdc8 30. Re2 b3 31. Ne1 0-1

[Event "Banska Stiavnica V4 op"]
[Site "Banska Stiavnica"]
[Date "2016.07.04"]
[Round "3"]
[White "Odler, Daniel"]
[Black "Urhegyi, Marton"]
[Result "0-1"]
[WhiteElo "2090"]
[BlackElo "2296"]
[PlyCount "66"]
[EventDate "2016.07.02"]
[EventType "swiss"]
[EventRounds "9"]
[EventCountry "SVK"]
[SourceTitle "CBM 173 Extra"]
[Source "ChessBase"]
[SourceDate "2016.08.29"]
[SourceVersion "1"]
[SourceVersionDate "2016.08.29"]
[SourceQuality "1"]

1. e4 c5 2. Nf3 d6 3. d4 cxd4 4. Nxd4 Nf6 5. Nc3 g6 6. f3 Bg7 7. Be3 0-0 8. Bc4 Nc6 9. Qd2 Bd7 10. 0-0-0 Rc8 11. Bb3 Ne5 12. Bh6 Nc4 13. Bxc4 Rxc4 14. Bxg7 Kxg7 15. Nd5 e5 16. Ne2 Nxd5 17. exd5 Qh4 18. Nc3 Rfc8 19. Kb1 b5 20. Rc1 Bf5 21. a3 a5 22. Rhe1 b4 23. axb4 axb4 24. Ne4 Bxe4 25. fxe4 Rxe4 26. g3 Qg4 27. Rf1 Qd7 28. b3 Qa7 29. Qf2 Rd4 30. c3 bxc3 31. Rxc3 Rxc3 32. Qf6+ Kh6 33. h4 Rxb3+ 0-1

[Event "SVK-chT1W 1516"]
[Site "Slovakia"]
[Date "2015.12.13"]
[Round "6.1"]
[White "Odler, Daniel"]
[Black "Kosar, Mikulas"]
[Result "1-0"]
[WhiteElo "2072"]
[BlackElo "1794"]
[PlyCount "51"]
[EventDate "2015.10.24"]
[EventType "team-tourn"]
[EventRounds "11"]
[EventCountry "SVK"]
[SourceTitle "CBM 170 Extra"]
[Source "ChessBase"]
[SourceDate "2016.02.25"]
[SourceVersion "1"]
[SourceVersionDate "2016.02.25"]
[SourceQuality "1"]
[WhiteTeam "Nitra Trogar"]
[BlackTeam "Gabcikovo"]
[WhiteTeamCountry "SVK"]
[BlackTeamCountry "SVK"]

1. e4 c5 2. Nf3 Nc6 3. d4 cxd4 4. Nxd4 e5 5. Nb5 a6 6. Nd6+ Bxd6 7. Qxd6 Qf6 8. Qd1 Nge7 9. Nc3 0-0 10. Be3 b5 11. Be2 Rd8 12. 0-0 Qg6 13. Bf3 d6 14. Bb6 Rd7 15. Bh5 Qf6 16. Nd5 Nxd5 17. exd5 Ne7 18. f4 exf4 19. g3 Qg5 20. Rxf4 g6 21. Bf3 Rb7 22. Bf2 Nf5 23. Qd2 Rc7 24. Re1 Bb7 25. Qe2 Re7 26. Rxf5 1-0

[Event "SVK-chT1W 1516"]
[Site "Slovakia"]
[Date "2015.12.12"]
[Round "5.1"]
[White "Odler, Daniel"]
[Black "Gorusa, Miroslav"]
[Result "1/2-1/2"]
[WhiteElo "2072"]
[BlackElo "2167"]
[PlyCount "57"]
[EventDate "2015.10.24"]
[EventType "team-tourn"]
[EventRounds "11"]
[EventCountry "SVK"]
[SourceTitle "CBM 170 Extra"]
[Source "ChessBase"]
[SourceDate "2016.02.25"]
[SourceVersion "1"]
[SourceVersionDate "2016.02.25"]
[SourceQuality "1"]
[WhiteTeam "Nitra Trogar"]
[BlackTeam "Nitra"]
[WhiteTeamCountry "SVK"]
[BlackTeamCountry "SVK"]

1. e4 e5 2. Nc3 Nf6 3. Bc4 Bc5 4. d3 d6 5. f4 Nc6 6. Nf3 h6 7. Na4 Bb6 8. Nxb6 axb6 9. Bb5 Qe7 10. 0-0 0-0 11. Bxc6 bxc6 12. fxe5 dxe5 13. Qe2 c5 14. b3 Bg4 15. Bb2 Nd7 16. a4 Rae8 17. Qe3 Bxf3 18. Rxf3 Qd6 19. Raf1 Re6 20. Rf5 Rf6 21. Qg3 Rxf5 22. Rxf5 Re8 23. h3 Re6 24. Kh2 Qe7 25. Bc3 Rg6 26. Qf2 Re6 27. Qg3 Rg6 28. Qf2 Re6 29. Qg3 1/2-1/2

[Event "SVK-chT2B 1415"]
[Site "Slovakia"]
[Date "2014.12.07"]
[Round "6.6"]
[White "Cernak, Vincent"]
[Black "Odler, Daniel"]
[Result "1/2-1/2"]
[WhiteElo "1795"]
[BlackElo "2054"]
[PlyCount "68"]
[EventDate "2014.10.11"]
[EventType "team-tourn"]
[EventRounds "11"]
[EventCountry "SVK"]
[SourceTitle "EXT 2019"]
[Source "ChessBase"]
[SourceDate "2018.10.10"]
[SourceVersion "1"]
[SourceVersionDate "2018.10.10"]
[SourceQuality "1"]
[WhiteTeam "Sala Slovan Duslo"]
[BlackTeam "Nitra ASK"]
[WhiteTeamCountry "SVK"]
[BlackTeamCountry "SVK"]

1. d4 d5 2. c4 c6 3. cxd5 cxd5 4. Nf3 Nf6 5. Nc3 Nc6 6. e3 Bg4 7. Be2 e6 8. h3 Bxf3 9. Bxf3 Bd6 10. Bd2 0-0 11. Rc1 a6 12. a3 Na5 13. 0-0 Nc4 14. Rc2 b5 15. Nb1 Qe7 16. Qe2 Ne4 17. Bxe4 dxe4 18. Bc3 f5 19. Nd2 Rfc8 20. Rfc1 Qb7 21. Bb4 Bxb4 22. axb4 Nxb2 23. Nb3 Nd3 24. Rxc8+ Rxc8 25. Rxc8+ Qxc8 26. Qd2 Qc4 27. Nc5 Nxb4 28. Nxe6 Qxe6 29. Qxb4 f4 30. Qc5 fxe3 31. fxe3 Qc4 32. Qe7 g6 33. Qe8+ Kg7 34. Qe7+ Kh6 1/2-1/2

[Event "SVK-chT2B 1415"]
[Site "Slovakia"]
[Date "2014.11.08"]
[Round "3.1"]
[White "Bielik, Peter"]
[Black "Odler, Daniel"]
[Result "0-1"]
[WhiteElo "1901"]
[BlackElo "2054"]
[PlyCount "72"]
[EventDate "2014.10.11"]
[EventType "team-tourn"]
[EventRounds "11"]
[EventCountry "SVK"]
[SourceTitle "EXT 2019"]
[Source "ChessBase"]
[SourceDate "2018.10.10"]
[SourceVersion "1"]
[SourceVersionDate "2018.10.10"]
[SourceQuality "1"]
[WhiteTeam "Povazske Podhradie SK"]
[BlackTeam "Nitra ASK"]
[WhiteTeamCountry "SVK"]
[BlackTeamCountry "SVK"]

1. d4 d5 2. c4 c6 3. Nf3 Nf6 4. Nc3 dxc4 5. e4 b5 6. a4 b4 7. Na2 Nxe4 8. Bxc4 e6 9. 0-0 Be7 10. Qc2 Nf6 11. Bg5 a5 12. Nc1 0-0 13. Nb3 Nbd7 14. Bd3 Ba6 15. Rfd1 Bxd3 16. Rxd3 Qc7 17. Rc1 Rfc8 18. Qe2 Bd6 19. Bxf6 Nxf6 20. Ne5 Bxe5 21. dxe5 Nd7 22. Rd6 c5 23. Nd4 Qb7 24. Nb5 Nb6 25. Rd2 Rd8 26. Rxc5 Nxa4 27. Rxd8+ Rxd8 28. Rc1 Qd5 29. h3 h6 30. Nd6 Qb3 31. Rc7 Qxb2 32. Qh5 Qb1+ 33. Kh2 Qg6 34. Qf3 Rf8 35. Nc8 Qg5 36. Nd6 Qxe5+ 0-1

[Event "SVK-chT2B 1415"]
[Site "Slovakia"]
[Date "2014.10.12"]
[Round "2.3"]
[White "Odler, Daniel"]
[Black "Frajka, Peter"]
[Result "1-0"]
[WhiteElo "2054"]
[BlackElo "1827"]
[PlyCount "88"]
[EventDate "2014.10.11"]
[EventType "team-tourn"]
[EventRounds "11"]
[EventCountry "SVK"]
[SourceTitle "EXT 2019"]
[Source "ChessBase"]
[SourceDate "2018.10.10"]
[SourceVersion "1"]
[SourceVersionDate "2018.10.10"]
[SourceQuality "1"]
[WhiteTeam "Nitra ASK"]
[BlackTeam "Topolcianky SK"]
[WhiteTeamCountry "SVK"]
[BlackTeamCountry "SVK"]

1. e4 e5 2. Nc3 Nc6 3. Bc4 Nf6 4. d3 h6 5. f4 d6 6. Nf3 Bg4 7. 0-0 Nd4 8. fxe5 Bxf3 9. gxf3 dxe5 10. Ne2 Bc5 11. Nxd4 Bxd4+ 12. Kh1 Qd7 13. c3 Bb6 14. a4 a6 15. a5 Ba7 16. Qe2 c6 17. f4 exf4 18. Rxf4 0-0-0 19. Be3 Bb8 20. Rf5 Rdf8 21. Raf1 Bc7 22. b4 Bd8 23. Bc5 Be7 24. Bxe7 Qxe7 25. Qg2 Rh7 26. e5 Nd5 27. Bxd5 cxd5 28. Qxd5 g6 29. Rf6 Rd8 30. Qc4+ Kb8 31. d4 Rd7 32. Qc5 h5 33. Qxe7 Rxe7 34. Kg2 Kc8 35. Kf3 Rc7 36. Ke4 Rxc3 37. Rxf7 Rc7 38. Rf8+ Kd7 39. R1f7+ Kc6 40. Rxh7 Rxh7 41. Rf6+ Kb5 42. Rb6+ Kc4 43. e6 Re7 44. Ke5 Re8 1-0

[Event "Tatry op"]
[Site "Tatranske Zruby"]
[Date "2013.10.03"]
[Round "6"]
[White "Odler, Daniel"]
[Black "Michalicka, Milan"]
[Result "1/2-1/2"]
[WhiteElo "2087"]
[BlackElo "2284"]
[PlyCount "100"]
[EventDate "2013.09.29"]
[EventType "swiss"]
[EventRounds "9"]
[EventCountry "SVK"]
[SourceTitle "CBM 156 Extra"]
[Source "ChessBase"]
[SourceDate "2013.10.22"]
[SourceVersion "1"]
[SourceVersionDate "2013.10.22"]
[SourceQuality "1"]

1. e4 c5 2. Nf3 g6 3. d4 cxd4 4. Nxd4 Nc6 5. Be3 Nf6 6. Nc3 Bg7 7. Nxc6 bxc6 8. e5 Ng8 9. f4 Nh6 10. Be2 d6 11. Bf3 Bb7 12. exd6 Nf5 13. d7+ Qxd7 14. Qxd7+ Kxd7 15. 0-0-0+ Kc7 16. Bf2 Bh6 17. g3 e5 18. Ne2 Ba6 19. Kb1 Bxe2 20. Bxe2 exf4 21. Bg4 Nd6 22. Rhe1 Rhe8 23. Rxe8 Rxe8 24. Bxa7 fxg3 25. hxg3 Be3 26. Bxe3 Rxe3 27. Rd3 Re1+ 28. Rd1 Rxd1+ 29. Bxd1 h5 30. Kc1 Ne4 31. g4 h4 32. Bf3 f5 33. gxf5 gxf5 34. Kd1 h3 35. Ke2 h2 36. Ke3 Ng3 37. Kf4 Ne2+ 38. Ke5 Ng3 39. Kf4 h1Q 40. Bxh1 Nxh1 41. Kxf5 Nf2 42. Ke5 Nd1 43. b3 Nc3 44. a4 Na2 45. Kd4 Nb4 46. c3 Na6 47. Kc4 Kb6 48. b4 Nc7 49. Kb3 Nd5 50. c4 Nc7 1/2-1/2

[Event "Tatry op"]
[Site "Tatranske Zruby"]
[Date "2013.09.30"]
[Round "2"]
[White "Langner, Ladislav"]
[Black "Odler, Daniel"]
[Result "1/2-1/2"]
[WhiteElo "2353"]
[BlackElo "2087"]
[PlyCount "42"]
[EventDate "2013.09.29"]
[EventType "swiss"]
[EventRounds "9"]
[EventCountry "SVK"]
[SourceTitle "CBM 156 Extra"]
[Source "ChessBase"]
[SourceDate "2013.10.22"]
[SourceVersion "1"]
[SourceVersionDate "2013.10.22"]
[SourceQuality "1"]

1. e4 e5 2. Nf3 Nf6 3. Nxe5 d6 4. Nf3 Nxe4 5. d4 d5 6. Bd3 Bg4 7. 0-0 Nc6 8. c4 Nf6 9. Nc3 Be7 10. Re1 0-0 11. cxd5 Nxd5 12. Nxd5 Qxd5 13. Be4 Qd6 14. Qd3 Bxf3 15. Qxf3 Nxd4 16. Qd3 g6 17. Bxb7 Rad8 18. Bh6 Rfe8 19. Rad1 Qb4 20. Ba6 Qxb2 21. h4 Ne6 1/2-1/2

[Event "Bratislava Slovan op"]
[Site "Bratislava"]
[Date "2004.05.06"]
[Round "7"]
[White "Odler, Daniel"]
[Black "Prielozny, Marek"]
[Result "1-0"]
[WhiteElo "2119"]
[BlackElo "1931"]
[PlyCount "85"]
[EventDate "2004.05.??"]
[EventType "swiss"]
[EventRounds "9"]
[EventCountry "SVK"]
[SourceTitle "EXT 2005"]
[Source "ChessBase"]
[SourceDate "2004.11.15"]
[SourceVersion "1"]
[SourceVersionDate "2004.11.15"]
[SourceQuality "1"]

1. e4 e6 2. d4 d5 3. Nc3 Nf6 4. Bg5 Bb4 5. e5 h6 6. Bd2 Bxc3 7. Bxc3 Ne4 8. Ne2 c5 9. f3 Nxc3 10. Nxc3 Qh4+ 11. g3 Qxd4 12. Qxd4 cxd4 13. Nb5 Kd8 14. 0-0-0 Nc6 15. f4 a6 16. Nxd4 Nxd4 17. Rxd4 Bd7 18. Be2 Ke7 19. Rhd1 Rhd8 20. Rb4 b5 21. a3 Rac8 22. Rd3 Rc5 23. Kd2 Rdc8 24. Bd1 Be8 25. Rbb3 f6 26. Rbc3 Rc4 27. b3 Rxc3 28. Rxc3 Rxc3 29. Kxc3 Kd7 30. Kb4 Kc6 31. Ka5 Kc5 32. Kxa6 Kd4 33. Be2 Kc3 34. Bd3 Kb2 35. Kb6 Kxa3 36. Kc5 fxe5 37. fxe5 Bh5 38. Kd6 Bg4 39. Bxb5 Kb4 40. Bd7 Kc3 41. Bxe6 Bxe6 42. Kxe6 d4 43. Kd5 1-0

[Event "Bratislava Slovan op"]
[Site "Bratislava"]
[Date "2004.05.04"]
[Round "5"]
[White "Hricak, Vasil"]
[Black "Odler, Daniel"]
[Result "1/2-1/2"]
[WhiteElo "2021"]
[BlackElo "2119"]
[PlyCount "94"]
[EventDate "2004.05.??"]
[EventType "swiss"]
[EventRounds "9"]
[EventCountry "SVK"]
[SourceTitle "EXT 2005"]
[Source "ChessBase"]
[SourceDate "2004.11.15"]
[SourceVersion "1"]
[SourceVersionDate "2004.11.15"]
[SourceQuality "1"]

1. e4 e5 2. d4 exd4 3. Nf3 Nc6 4. Bc4 Be7 5. Nxd4 Nf6 6. Nc3 Nxd4 7. Qxd4 d6 8. Bg5 h6 9. Bh4 0-0 10. 0-0-0 Ng4 11. Bxe7 Qxe7 12. Nd5 Qd8 13. f4 Be6 14. h3 Nf6 15. Nxf6+ Qxf6 16. Qxf6 gxf6 17. Bd3 Rfe8 18. Rde1 Bd7 19. Rhg1 Re7 20. g4 Rae8 21. c4 Bc6 22. Rg3 a5 23. h4 Kf8 24. g5 fxg5 25. hxg5 hxg5 26. Rxg5 Bxe4 27. Reg1 f5 28. Be2 Rh7 29. Bh5 Re6 30. Rg8+ Ke7 31. Bd1 Kd7 32. Ba4+ Bc6 33. Bc2 Be4 34. Ba4+ c6 35. Bb3 Re8 36. R8g6 Rh1 37. Rxh1 Bxh1 38. Rf6 Be4 39. Bc2 Re6 40. Rxf5 Bxc2 41. Kxc2 Re2+ 42. Kc3 Rf2 43. Rf7+ Ke6 44. Rxb7 Rf3+ 45. Kc2 Rxf4 46. Kb3 Rf3+ 47. Ka4 Rf4 1/2-1/2

[Event "Tatry op"]
[Site "Tatranske Zruby"]
[Date "2002.10.01"]
[Round "5"]
[White "Schwarz, Dusan"]
[Black "Odler, Daniel"]
[Result "1-0"]
[WhiteElo "2203"]
[BlackElo "2119"]
[PlyCount "83"]
[EventDate "2002.09.28"]
[EventType "swiss"]
[EventRounds "9"]
[EventCountry "SVK"]
[SourceTitle "EXT 2005"]
[Source "ChessBase"]
[SourceDate "2004.11.15"]
[SourceVersion "1"]
[SourceVersionDate "2004.11.15"]
[SourceQuality "1"]

1. e4 e5 2. Nf3 Nf6 3. Nxe5 d6 4. Nf3 Nxe4 5. d4 d5 6. Bd3 Bg4 7. 0-0 Nc6 8. c3 Be7 9. Re1 f5 10. Nbd2 0-0 11. Qb3 Kh8 12. h3 Bh5 13. Qxb7 Rf6 14. Qb3 Rb8 15. Qc2 Rg6 16. Be2 Bh4 17. Nxe4 Bxf3 18. Ng3 Bxg2 19. Kxg2 Qd6 20. Qd3 f4 21. Bg4 fxg3 22. fxg3 Rf8 23. Bf4 Rxf4 24. gxf4 Bxe1 25. Rxe1 Rf6 26. Re8+ Rf8 27. Rxf8+ Qxf8 28. Qf5 Qxf5 29. Bxf5 g6 30. Bd7 Ne7 31. Kf3 Kg7 32. b3 Kf6 33. c4 a5 34. c5 g5 35. fxg5+ Kxg5 36. a3 Kf6 37. b4 axb4 38. axb4 Ng6 39. b5 Ke7 40. Bf5 Nh4+ 41. Kg4 Ng2 42. Bxh7 1-0

[Event "Tatry op"]
[Site "Tatranske Zruby"]
[Date "2002.09.30"]
[Round "4"]
[White "Odler, Daniel"]
[Black "Machata, Martin"]
[Result "1/2-1/2"]
[WhiteElo "2119"]
[BlackElo "2265"]
[PlyCount "26"]
[EventDate "2002.09.28"]
[EventType "swiss"]
[EventRounds "9"]
[EventCountry "SVK"]
[SourceTitle "EXT 2005"]
[Source "ChessBase"]
[SourceDate "2004.11.15"]
[SourceVersion "1"]
[SourceVersionDate "2004.11.15"]
[SourceQuality "1"]

1. e4 Nf6 2. Nc3 d5 3. e5 d4 4. exf6 dxc3 5. fxg7 cxd2+ 6. Bxd2 Bxg7 7. Qh5 Qd4 8. c3 Qe4+ 9. Be3 Nc6 10. Nf3 Bg4 11. Qxf7+ Kxf7 12. Ng5+ Kg6 13. Nxe4 Rad8 1/2-1/2

[Event "SVK-chT1W 0102"]
[Site "Slovakia"]
[Date "2002.??.??"]
[Round "6"]
[White "Odler, Daniel"]
[Black "Mruskovic, Radoslav"]
[Result "1-0"]
[WhiteElo "2119"]
[BlackElo "2005"]
[PlyCount "79"]
[EventDate "2001.10.??"]
[EventType "team-tourn"]
[EventRounds "11"]
[EventCountry "SVK"]
[SourceTitle "EXT 2007"]
[Source "ChessBase"]
[SourceDate "2006.11.23"]
[SourceVersion "1"]
[SourceVersionDate "2006.11.23"]
[SourceQuality "1"]

1. e4 g6 2. d4 Bg7 3. Nc3 d6 4. f4 Nf6 5. Bc4 0-0 6. e5 Ne8 7. Be3 Nc6 8. Nf3 Na5 9. Bd3 dxe5 10. dxe5 f6 11. Bc4+ Nxc4 12. Qxd8 Nxe3 13. Qd2 Nf5 14. 0-0-0 fxe5 15. Nxe5 Nf6 16. Nd5 c6 17. Nxf6+ exf6 18. Nf3 Ne7 19. Rhe1 Nd5 20. c4 Nb6 21. b3 c5 22. Re7 Bh6 23. Qd6 Bf5 24. Rxb7 Rae8 25. Qc7 g5 26. Rxa7 Nc8 27. Qxc5 Be4 28. fxg5 Bxf3 29. gxf3 Bxg5+ 30. Kb1 Nxa7 31. Qxa7 Rf7 32. Rd7 Re1+ 33. Kb2 Re2+ 34. Kc3 Be3 35. Qb8+ Rf8 36. Qg3+ Bg5 37. h4 Re3+ 38. Kb4 Re5 39. hxg5 Rxg5 40. Qh2 1-0